[Event "WchT Seniors 50"]
[Site "Prague"]
[Date "2020.03.09"]
[Round "4.9"]
[White "Leverett, Bruce W"]
[Black "Arndt, Olaf"]
[Result "1-0"]
[WhiteElo "2264"]
[BlackElo "1887"]
[PlyCount "57"]
[EventDate "2020.03.06"]
[EventType "team-swiss"]
[EventRounds "7"]
[EventCountry "CZE"]
[SourceTitle "CBM 195 Extra"]
[Source "ChessBase"]
[SourceDate "2020.05.31"]
[SourceVersion "1"]
[SourceVersionDate "2020.05.31"]
[SourceQuality "1"]
[WhiteTeam "United States 50 II"]
[BlackTeam "Germany 50 VI"]
[WhiteTeamCountry "USA"]
[BlackTeamCountry "GER"]

1. d4 f5 2. g3 Nf6 3. Bg2 e6 4. Nf3 d5 5. 0-0 Bd6 6. c4 c6 7. b3 0-0 8. Bb2 Bd7 9. Nbd2 Be8 10. Ne5 Bh5 11. Ndf3 Nbd7 12. Nd3 Qe7 13. a4 a5 14. Qc1 Ne4 15. Ba3 Bxa3 16. Qxa3 Qxa3 17. Rxa3 Bxf3 18. exf3 Nd2 19. Rc1 dxc4 20. bxc4 Nb6 21. Ne5 Rfd8 22. Rd3 Rxd4 23. Rxd4 Nb3 24. Rb1 Nxd4 25. Rxb6 Ne2+ 26. Kf1 Nc3 27. Rxb7 Nxa4 28. Nxc6 Nc5 29. Rb5 1-0

[Event "USA-chT Amateur East"]
[Site "Parsippany"]
[Date "2010.02.14"]
[Round "3"]
[White "Sarkar, Justin"]
[Black "Leverett, Bruce W"]
[Result "1-0"]
[WhiteElo "2388"]
[BlackElo "2287"]
[PlyCount "51"]
[EventDate "2010.02.13"]
[EventType "team-tourn"]
[EventRounds "6"]
[EventCountry "USA"]
[SourceTitle "CBM 135 Extra"]
[Source "ChessBase"]
[SourceDate "2010.05.04"]
[SourceVersion "1"]
[SourceVersionDate "2010.05.04"]
[SourceQuality "1"]

1. d4 d5 2. c4 dxc4 3. e4 e5 4. Nf3 Bb4+ 5. Nc3 exd4 6. Nxd4 Nf6 7. Qa4+ Nc6 8. Nxc6 Bxc3+ 9. bxc3 Qd7 10. Bxc4 bxc6 11. Ba3 Nxe4 12. 0-0 Nd6 13. Rfe1+ Kf8 14. Bc5 h5 15. Re5 Kg8 16. Bb3 Bb7 17. Rae1 Rf8 18. Re7 Qd8 19. Qxa7 Nc8 20. Qxb7 Nxe7 21. Rxe7 Rh6 22. h3 Rf6 23. Qxc7 Qxc7 24. Rxc7 Re8 25. Bd4 Rf5 26. Rxc6 1-0

[Event "World op 32nd"]
[Site "Philadelphia"]
[Date "2004.07.02"]
[Round "2"]
[White "Benjamin, Joel"]
[Black "Leverett, Bruce W"]
[Result "1-0"]
[WhiteElo "2566"]
[BlackElo "2272"]
[PlyCount "51"]
[EventDate "2004.07.01"]
[EventType "swiss"]
[EventRounds "9"]
[EventCountry "USA"]
[SourceTitle "CBM 101 Extra"]
[Source "ChessBase"]
[SourceDate "2004.09.01"]
[SourceVersion "2"]
[SourceVersionDate "2004.09.01"]
[SourceQuality "1"]

1. e4 e5 2. Nf3 Nc6 3. Bb5 a6 4. Ba4 Nf6 5. d3 d6 6. c3 Be7 7. 0-0 0-0 8. Re1 Bd7 9. Nbd2 Be8 10. Nf1 Nd7 11. d4 exd4 12. cxd4 Nb6 13. Bc2 d5 14. Ng3 dxe4 15. Rxe4 f5 16. Re2 Bg6 17. d5 Nb4 18. Bb3 Bf6 19. d6+ Kh8 20. Bf4 c6 21. Nd4 N4d5 22. Ne6 Qd7 23. Nxf8 Rxf8 24. Qd2 Bxb2 25. Qxb2 Nxf4 26. Re7 1-0

[Event "World op 24th"]
[Site "Philadelphia"]
[Date "1996.??.??"]
[Round "?"]
[White "Kjeld, Matthias"]
[Black "Leverett, Bruce W"]
[Result "0-1"]
[WhiteElo "2155"]
[BlackElo "2260"]
[PlyCount "82"]
[EventDate "1996.06.29"]
[EventType "swiss"]
[EventRounds "9"]
[EventCountry "USA"]
[SourceTitle "EXT 2001"]
[Source "ChessBase"]
[SourceDate "2000.11.22"]
[SourceVersion "1"]
[SourceVersionDate "2000.11.22"]
[SourceQuality "1"]

1. Nf3 Nf6 2. c4 e6 3. Nc3 d5 4. d4 c6 5. Bg5 h6 6. Bh4 dxc4 7. e4 g5 8. Bg3 b5 9. e5 Nd5 10. a4 Bb7 11. Nd2 Nd7 12. Be2 a6 13. 0-0 Qb6 14. Nde4 0-0-0 15. h4 Be7 16. h5 Nf4 17. Bxf4 gxf4 18. Qc1 Qxd4 19. Qxf4 Qxe5 20. Qxf7 Rde8 21. Bf3 Qf5 22. Qxe7 Rxe7 23. Nd6+ Kb8 24. Nxf5 exf5 25. axb5 axb5 26. Ne2 Ne5 27. Nf4 Rd8 28. Ng6 Nxf3+ 29. gxf3 Re2 30. Rab1 c5 31. Kg2 Rd4 32. Kg3 Rd3 33. Nh4 Re8 34. Rbd1 Red8 35. Rde1 Rg8+ 36. Kh2 Rg5 37. Re3 Rxh5 38. Kh3 Rd4 39. Kg3 f4+ 40. Kg4 Rg5+ 41. Kh3 Bc8+ 0-1

[Event "World op 23rd"]
[Site "Philadelphia"]
[Date "1995.??.??"]
[Round "9"]
[White "Leverett, Bruce W"]
[Black "Svidler, Peter"]
[Result "0-1"]
[WhiteElo "2270"]
[BlackElo "2585"]
[PlyCount "76"]
[EventDate "1995.06.??"]
[EventType "swiss"]
[EventRounds "9"]
[EventCountry "USA"]
[SourceTitle "EXT 2000"]
[Source "ChessBase"]
[SourceDate "1999.11.16"]
[SourceVersion "1"]
[SourceVersionDate "1999.11.16"]
[SourceQuality "1"]

1. d4 Nf6 2. c4 g6 3. Nc3 d5 4. cxd5 Nxd5 5. e4 Nxc3 6. bxc3 Bg7 7. Bc4 c5 8. Ne2 0-0 9. Be3 Nc6 10. 0-0 Bd7 11. f4 e6 12. g4 Rc8 13. dxc5 Na5 14. Bd3 Ba4 15. Qd2 Qh4 16. g5 Rfd8 17. Bd4 e5 18. fxe5 Nc6 19. Rf6 Qg4+ 20. Ng3 Nxd4 21. cxd4 Rxd4 22. Qe3 Rcd8 23. Be2 Qc8 24. Rc1 Qc7 25. Qf4 Be8 26. e6 Qxf4 27. Rxf4 Be5 28. Rff1 fxe6 29. Bg4 Bd7 30. Kg2 Kg7 31. Rc2 Bc6 32. Re1 Rd2+ 33. Re2 Rxc2 34. Rxc2 Kf7 35. Bf3 Rd3 36. Ne2 Ba4 37. Rc4 Bc6 38. Rc2 Bxh2 0-1

[Event "World op 23rd"]
[Site "Philadelphia"]
[Date "1995.??.??"]
[Round "8"]
[White "Leverett, Bruce W"]
[Black "Umezinwa, George"]
[Result "1-0"]
[WhiteElo "2265"]
[BlackElo "2305"]
[PlyCount "119"]
[EventDate "1995.06.??"]
[EventType "swiss"]
[EventRounds "9"]
[EventCountry "USA"]
[SourceTitle "EXT 2000"]
[Source "ChessBase"]
[SourceDate "1999.11.16"]
[SourceVersion "1"]
[SourceVersionDate "1999.11.16"]
[SourceQuality "1"]

1. d4 Nf6 2. c4 e6 3. Nc3 Bb4 4. Nf3 b6 5. e3 Bb7 6. Bd3 Bxc3+ 7. bxc3 0-0 8. 0-0 d6 9. Ne1 c5 10. f3 Nbd7 11. e4 Ne8 12. Qe2 g6 13. Bh6 Ng7 14. Nc2 f6 15. Rae1 Qe7 16. Qf2 e5 17. d5 Rf7 18. g4 Nf8 19. Ne3 Bc8 20. Kh1 Qb7 21. Rg1 Qe7 22. Rg3 Rb8 23. Reg1 g5 24. Nf5 Bxf5 25. gxf5 Nh5 26. Rg4 Nd7 27. h4 Kh8 28. hxg5 fxg5 29. Rxg5 Ndf6 30. Qh4 Nf4 31. Bf1 a6 32. a4 Ng8 33. Qh2 Nxh6 34. Qxh6 Rf6 35. Qh2 Qf8 36. R5g4 Rf7 37. Rh4 Qe8 38. Rh6 Qe7 39. Rg4 Rg8 40. Rhh4 Qd7 41. Rxg8+ Kxg8 42. Rg4+ Rg7 43. Qh4 h5 44. Rxg7+ Kxg7 45. Qg5+ Kf7 46. f6 Ng6 47. Qxh5 Qd8 48. f4 exf4 49. e5 dxe5 50. Bd3 Qxf6 51. Qh7+ Kf8 52. Qxg6 Qh4+ 53. Kg2 Qe1 54. d6 Qe3 55. d7 f3+ 56. Kf1 Qc1+ 57. Kf2 Qd2+ 58. Kxf3 Qf4+ 59. Ke2 Qh2+ 60. Kd1 1-0

[Event "World op 20th"]
[Site "Philadelphia"]
[Date "1992.??.??"]
[Round "?"]
[White "Leverett, Bruce W"]
[Black "Frumkin, Edward A"]
[Result "1/2-1/2"]
[WhiteElo "2250"]
[BlackElo "2200"]
[PlyCount "88"]
[EventDate "1992.06.??"]
[EventType "swiss"]
[EventRounds "9"]
[EventCountry "USA"]
[SourceTitle "TD"]
[Source "ChessBase"]
[SourceDate "1994.03.01"]
[SourceVersion "1"]
[SourceVersionDate "1994.03.01"]
[SourceQuality "1"]

1. Nf3 g6 2. d4 f5 3. g3 Bg7 4. Bg2 Nf6 5. 0-0 0-0 6. c4 d6 7. b3 Nc6 8. Bb2 Qe8 9. Nc3 a6 10. Re1 h6 11. d5 Nd8 12. Qc2 g5 13. e4 f4 14. e5 dxe5 15. Nxe5 Ng4 16. Ng6 Bf5 17. Qxf5 Rxf5 18. Nxe7+ Qxe7 19. Rxe7 fxg3 20. hxg3 Rxf2 21. Rxg7+ Kxg7 22. Nd1+ Rxb2 23. Nxb2 Nf7 24. Bh3 Nge5 25. Be6 Nf3+ 26. Kg2 Nd4 27. Bxf7 Kxf7 28. Rf1+ Kg6 29. Re1 Rf8 30. Nd3 Kg7 31. Re4 Nf5 32. Nc5 Nd6 33. Re7+ Rf7 34. Ne6+ Kf6 35. Rxf7+ Nxf7 36. Nxc7 g4 37. Kf2 Ke5 38. Ke3 Nd6 39. c5 Ne4 40. c6 bxc6 41. dxc6 Nxg3 42. Nxa6 Nf5+ 43. Kf2 Ne7 44. c7 Kd6 1/2-1/2

[Event "World op 20th"]
[Site "Philadelphia"]
[Date "1992.??.??"]
[Round "1"]
[White "Song, Paul"]
[Black "Leverett, Bruce W"]
[Result "1-0"]
[WhiteElo "2225"]
[BlackElo "2250"]
[PlyCount "57"]
[EventDate "1992.06.??"]
[EventType "swiss"]
[EventRounds "9"]
[EventCountry "USA"]
[SourceTitle "TD"]
[Source "ChessBase"]
[SourceDate "1994.03.01"]
[SourceVersion "1"]
[SourceVersionDate "1994.03.01"]
[SourceQuality "1"]

1. e4 e5 2. Nf3 Nc6 3. Bb5 a6 4. Ba4 Nf6 5. 0-0 Nxe4 6. d4 b5 7. Bb3 d5 8. dxe5 Be6 9. Qe2 Be7 10. Rd1 0-0 11. c4 bxc4 12. Bxc4 Qd7 13. Nc3 Nxc3 14. bxc3 f6 15. exf6 Bxf6 16. Ng5 Bxg5 17. Bxg5 Kh8 18. Bxa6 Bg8 19. Bd3 Rae8 20. Qd2 Ne5 21. Be2 Qf5 22. Bh4 Qe4 23. Bg3 Nc4 24. Bxc4 Qxc4 25. Re1 Rxe1+ 26. Rxe1 Ra8 27. Be5 c5 28. Bxg7+ Kxg7 29. Qg5+ 1-0

[Event "US Open-90"]
[Site "Chicago"]
[Date "1989.??.??"]
[Round "5"]
[White "Alburt, Lev O"]
[Black "Leverett, Bruce W"]
[Result "1/2-1/2"]
[WhiteElo "2520"]
[BlackElo "2255"]
[PlyCount "67"]
[EventDate "1989.08.05"]
[EventType "swiss"]
[EventRounds "12"]
[EventCountry "USA"]
[SourceTitle "EXT 1997"]
[Source "ChessBase"]
[SourceDate "1996.11.15"]
[SourceVersion "1"]
[SourceVersionDate "1996.11.15"]
[SourceQuality "1"]

1. d4 d5 2. c4 dxc4 3. e4 e5 4. Nf3 Bb4+ 5. Nc3 exd4 6. Qxd4 Qxd4 7. Nxd4 Nf6 8. f3 Bc5 9. Be3 Nc6 10. Nc2 Bxe3 11. Nxe3 Be6 12. 0-0-0 0-0 13. Bxc4 Rad8 14. Bd5 Bxd5 15. Nexd5 Nxd5 16. Nxd5 Ne5 17. Rd2 c6 18. Ne7+ Kh8 19. Nf5 Rxd2 20. Kxd2 Rd8+ 21. Kc2 g6 22. Ne3 Kg7 23. a3 Rd4 24. Rd1 Rxd1 25. Kxd1 Kf6 26. Ke2 Ke6 27. f4 Nd7 28. Kd3 b6 29. g4 Nc5+ 30. Kd4 Nb3+ 31. Kc4 Nc5 32. Kd4 Nb3+ 33. Kc3 Nc5 34. Kd4 1/2-1/2

[Event "Midwest Masters op"]
[Site "Chicago"]
[Date "1989.??.??"]
[Round "5"]
[White "Ginsburg, Mark"]
[Black "Leverett, Bruce W"]
[Result "1/2-1/2"]
[WhiteElo "2405"]
[BlackElo "2255"]
[PlyCount "110"]
[EventDate "1989.??.??"]
[EventType "swiss"]
[EventRounds "6"]
[EventCountry "USA"]
[SourceTitle "EXT 1999"]
[Source "ChessBase"]
[SourceDate "1998.11.16"]
[SourceVersion "1"]
[SourceVersionDate "1998.11.16"]
[SourceQuality "1"]

1. c4 c5 2. Nf3 Nf6 3. Nc3 Nc6 4. g3 d5 5. cxd5 Nxd5 6. Bg2 g6 7. Qb3 e6 8. Nxd5 Qxd5 9. Qxd5 exd5 10. 0-0 Bg7 11. d3 0-0 12. Rb1 Re8 13. Be3 c4 14. dxc4 d4 15. Bd2 Rxe2 16. Rfe1 Bf5 17. Rxe2 Bxb1 18. Ng5 Bd3 19. Re1 Bxc4 20. b3 h6 21. bxc4 hxg5 22. Bxg5 d3 23. Rd1 Ne5 24. Bxb7 Rb8 25. Bd5 Rb2 26. Be3 Rxa2 27. h3 Rc2 28. Bxa7 Nxc4 29. Rxd3 Bf6 30. Rb3 Nd6 31. Be3 Kg7 32. g4 Rc7 33. Bf4 Rc5 34. Bg2 Nb5 35. Rd3 Nc7 36. Rd7 Ne6 37. Bg3 Nf8 38. Rb7 Ne6 39. Bd6 Rc1+ 40. Kh2 Rd1 41. Bg3 g5 42. Rb5 Rd2 43. Bd5 Re2 44. Bc4 Re4 45. Bd3 Ra4 46. Bc2 Ra1 47. Rb7 Re1 48. Bb3 Be5 49. Bxe5+ Rxe5 50. Kg3 Kf6 51. h4 gxh4+ 52. Kxh4 Re1 53. Bd5 Rf1 54. Kg3 Rg1+ 55. Kh2 Rxg4 1/2-1/2

[Event "US Open-90"]
[Site "Chicago"]
[Date "1989.??.??"]
[Round "4"]
[White "Leverett, Bruce W"]
[Black "Harris, William Jr"]
[Result "1-0"]
[WhiteElo "2255"]
[BlackElo "2205"]
[PlyCount "51"]
[EventDate "1989.08.05"]
[EventType "swiss"]
[EventRounds "12"]
[EventCountry "USA"]
[SourceTitle "EXT 1997"]
[Source "ChessBase"]
[SourceDate "1996.11.15"]
[SourceVersion "1"]
[SourceVersionDate "1996.11.15"]
[SourceQuality "1"]

1. d4 e6 2. c4 Nf6 3. Nc3 Bb4 4. Nf3 c5 5. g3 Ne4 6. Qd3 cxd4 7. Nxd4 Bxc3+ 8. bxc3 Nc5 9. Qc2 d6 10. Bg2 0-0 11. 0-0 Nbd7 12. Rd1 Nb6 13. Nb5 Bd7 14. Ba3 Nxc4 15. Bxc5 dxc5 16. Bxb7 Rb8 17. Bc6 Bxc6 18. Rxd8 Rfxd8 19. Nxa7 Be8 20. Rd1 Rxd1+ 21. Qxd1 Rb7 22. Qd8 Kf8 23. Qc8 Rb1+ 24. Kg2 Nb2 25. Qxc5+ Kg8 26. Qe7 1-0

[Event "US Open-90"]
[Site "Chicago"]
[Date "1989.??.??"]
[Round "6"]
[White "Leverett, Bruce W"]
[Black "Wojtkiewicz, Aleksander"]
[Result "0-1"]
[WhiteElo "2255"]
[BlackElo "2460"]
[PlyCount "60"]
[EventDate "1989.08.05"]
[EventType "swiss"]
[EventRounds "12"]
[EventCountry "USA"]
[SourceTitle "EXT 1997"]
[Source "ChessBase"]
[SourceDate "1996.11.15"]
[SourceVersion "1"]
[SourceVersionDate "1996.11.15"]
[SourceQuality "1"]

1. d4 Nf6 2. c4 c5 3. d5 e6 4. Nc3 exd5 5. cxd5 d6 6. e4 g6 7. f4 Bg7 8. Bb5+ Nfd7 9. a4 0-0 10. Nf3 a6 11. Bd3 Nf6 12. 0-0 Bg4 13. h3 Bxf3 14. Qxf3 Nbd7 15. Bd2 Re8 16. Bc4 Nh5 17. g4 Bd4+ 18. Kg2 Nhf6 19. Rae1 Nb6 20. b3 Nfd7 21. e5 dxe5 22. f5 e4 23. Rxe4 Ne5 24. Rxe5 Rxe5 25. fxg6 fxg6 26. Bh6 Qe8 27. d6+ Nxc4 28. d7 Ne3+ 29. Bxe3 Qxd7 30. Bh6 Qc6 0-1

[Event "Midwest Masters op"]
[Site "Chicago"]
[Date "1988.??.??"]
[Round "3"]
[White "Brooks, Michael A"]
[Black "Leverett, Bruce W"]
[Result "1-0"]
[WhiteElo "2345"]
[BlackElo "2245"]
[PlyCount "113"]
[EventDate "1988.??.??"]
[EventType "swiss"]
[EventRounds "6"]
[EventCountry "USA"]
[SourceTitle "EXT 1999"]
[Source "ChessBase"]
[SourceDate "1998.11.16"]
[SourceVersion "1"]
[SourceVersionDate "1998.11.16"]
[SourceQuality "1"]

1. e4 e5 2. Nf3 Nc6 3. d4 exd4 4. Bc4 Nf6 5. e5 d5 6. Bb5 Ne4 7. Nxd4 Bc5 8. 0-0 Bd7 9. Bxc6 bxc6 10. f3 Ng5 11. f4 Ne4 12. Be3 0-0 13. Nd2 f6 14. Nxe4 dxe4 15. Qe2 fxe5 16. Qc4+ Kh8 17. Qxc5 exd4 18. Bxd4 Rf7 19. f5 Qg5 20. f6 Qxc5 21. fxg7+ Kg8 22. Bxc5 Kxg7 23. Rae1 Rxf1+ 24. Kxf1 Bf5 25. Kf2 Kf6 26. Ke3 a6 27. Rd1 Rg8 28. g3 h5 29. Bb4 Ke6 30. b3 h4 31. gxh4 Rg2 32. Rd2 Rg4 33. Ba5 Rg7 34. h5 Rh7 35. Rg2 Rxh5 36. Bxc7 Kd5 37. Rd2+ Kc5 38. Bd6+ Kb6 39. Bg3 Rh7 40. Rd8 Rf7 41. Rb8+ Ka7 42. Rb4 Bg6 43. Bb8+ Ka8 44. Bf4 Ka7 45. Rd4 Kb6 46. Rd6 Bf5 47. h4 Bg4 48. Rd8 Bf3 49. Rh8 Rf5 50. Rh7 Rh5 51. Bc7+ Kc5 52. Rxh5+ Bxh5 53. Kxe4 Bg6+ 54. Ke5 Bxc2 55. Bd6+ Kb6 56. h5 Bh7 57. b4 1-0

[Event "Ohio Chess Congress"]
[Site "Dublin"]
[Date "1987.??.??"]
[Round "4"]
[White "Leverett, Bruce W"]
[Black "Karklins, Andrew"]
[Result "0-1"]
[WhiteElo "2250"]
[BlackElo "2280"]
[PlyCount "70"]
[EventDate "1987.09.05"]
[EventType "swiss"]
[EventRounds "6"]
[EventCountry "USA"]
[SourceTitle "EXT 2013"]
[Source "ChessBase"]
[SourceDate "2012.11.22"]
[SourceVersion "1"]
[SourceVersionDate "2012.11.22"]
[SourceQuality "1"]

1. d4 Nf6 2. c4 e6 3. Nc3 Bb4 4. e3 c5 5. Nge2 d5 6. a3 Bxc3+ 7. Nxc3 b6 8. cxd5 exd5 9. dxc5 bxc5 10. Bb5+ Bd7 11. Be2 Bc6 12. 0-0 Nbd7 13. b4 Rb8 14. bxc5 Nxc5 15. Qc2 Ne6 16. a4 0-0 17. Ba3 Re8 18. Nb5 Qd7 19. Rfc1 Rec8 20. Rab1 Bxb5 21. Rxb5 Ra8 22. Qb1 Ne4 23. Qd3 Rxc1+ 24. Bxc1 N4c5 25. Qd1 a6 26. Rb4 Rd8 27. Bb2 h6 28. Be5 Qe7 29. Qb1 a5 30. Rg4 h5 31. Rg3 Ne4 32. Rh3 N6g5 33. Rxh5 Qxe5 34. f4 Qc3 35. fxg5 Qxe3+ 0-1

[Event "Midwest Masters op"]
[Site "Chicago"]
[Date "1986.??.??"]
[Round "4"]
[White "Kudrin, Sergey"]
[Black "Leverett, Bruce W"]
[Result "1-0"]
[WhiteElo "2460"]
[BlackElo "2250"]
[PlyCount "81"]
[EventDate "1986.??.??"]
[EventType "swiss"]
[EventRounds "6"]
[EventCountry "USA"]
[SourceTitle "EXT 2000"]
[Source "ChessBase"]
[SourceDate "1999.11.16"]
[SourceVersion "1"]
[SourceVersionDate "1999.11.16"]
[SourceQuality "1"]

1. e4 e6 2. d4 d5 3. Nd2 c5 4. exd5 exd5 5. Ngf3 Nc6 6. Bb5 Bd6 7. dxc5 Bxc5 8. 0-0 Nge7 9. Nb3 Bb6 10. Re1 0-0 11. Bg5 h6 12. Be3 Bxe3 13. Rxe3 Bg4 14. h3 Bxf3 15. Qxf3 Qd6 16. Rd1 Rad8 17. c3 a6 18. Bf1 Kh8 19. Qh5 Ng8 20. g3 Nf6 21. Qe2 Qc7 22. Nd4 Na5 23. b3 Rfe8 24. Rdd3 g6 25. Bg2 Kg7 26. Qb2 Nc6 27. Ne2 Rxe3 28. Rxe3 Qb6 29. Rd3 Ne5 30. Rd4 Nc6 31. Rd1 Qc5 32. Nf4 Rd6 33. Qd2 Ne5 34. c4 d4 35. Bxb7 a5 36. Nd3 Nxd3 37. Qxd3 Qh5 38. Bg2 Qe5 39. Bf3 Nd7 40. Bd5 Kf6 41. Qxd4 1-0

[Event "Midwest Masters op"]
[Site "Chicago"]
[Date "1986.??.??"]
[Round "3"]
[White "Leverett, Bruce W"]
[Black "Formanek, Edward W"]
[Result "1/2-1/2"]
[WhiteElo "2250"]
[BlackElo "2350"]
[PlyCount "85"]
[EventDate "1986.??.??"]
[EventType "swiss"]
[EventRounds "6"]
[EventCountry "USA"]
[SourceTitle "EXT 2000"]
[Source "ChessBase"]
[SourceDate "1999.11.16"]
[SourceVersion "1"]
[SourceVersionDate "1999.11.16"]
[SourceQuality "1"]

1. d4 d5 2. c4 dxc4 3. Nf3 b5 4. e3 c6 5. a4 e6 6. axb5 cxb5 7. b3 Bb4+ 8. Bd2 Bxd2+ 9. Nbxd2 a5 10. bxc4 b4 11. c5 Nf6 12. Bb5+ Bd7 13. Bxd7+ Nbxd7 14. 0-0 0-0 15. Qc2 Qc7 16. Rfc1 Nd5 17. Nc4 Rfb8 18. e4 Nc3 19. e5 h6 20. Re1 a4 21. Nfd2 Qc6 22. Qd3 Qd5 23. Re3 Nb5 24. Nf3 a3 25. Ncd2 Nc3 26. Qc4 Qxc4 27. Nxc4 a2 28. Nfd2 b3 29. Nb2 Na4 30. Nxa4 Rxa4 31. Rxb3 Rxb3 32. Nxb3 Rb4 33. Nd2 Rb2 34. Nf1 Nb8 35. g3 Nc6 36. Kg2 Nxd4 37. Ne3 Nb3 38. c6 Nxa1 39. c7 Nb3 40. c8Q+ Kh7 41. Nc2 g6 42. Qb7 Rxc2 43. Qxf7+ 1/2-1/2

[Event "Midwest Masters"]
[Site "Chicago"]
[Date "1985.??.??"]
[Round "5"]
[White "Leverett, Bruce W"]
[Black "Bisguier, Arthur Bernard"]
[Result "1-0"]
[WhiteElo "2255"]
[BlackElo "2440"]
[PlyCount "89"]
[EventDate "1985.??.??"]
[EventType "swiss"]
[EventRounds "5"]
[EventCountry "USA"]
[SourceTitle "MCD"]
[Source "ChessBase"]
[SourceDate "1999.07.01"]
[SourceVersion "1"]
[SourceVersionDate "1999.07.01"]
[SourceQuality "1"]

1. d4 Nf6 2. c4 e6 3. Nc3 Bb4 4. e3 b6 5. Bd3 Bb7 6. Nf3 0-0 7. 0-0 d5 8. cxd5 exd5 9. a3 Bd6 10. b4 a5 11. b5 Nbd7 12. Qb3 Re8 13. a4 Ne4 14. Ba3 Ndf6 15. Bxd6 cxd6 16. Rac1 Rc8 17. Rc2 Re7 18. Rfc1 Rec7 19. Nd1 g6 20. Rxc7 Rxc7 21. Rxc7 Qxc7 22. Qc2 Qxc2 23. Bxc2 Bc8 24. Ne1 Nd2 25. f3 Nc4 26. Kf2 Kf8 27. Ke2 Ke7 28. Bb3 h5 29. e4 Bb7 30. Bxc4 dxc4 31. d5 Nd7 32. Ke3 Nc5 33. Nc3 Nb3 34. Nc2 Bc8 35. Na3 Kd7 36. Nxc4 Kc7 37. f4 f6 38. e5 fxe5 39. fxe5 dxe5 40. Ke4 Bf5+ 41. Kxe5 Nc5 42. d6+ Kb7 43. Kf6 Bd3 44. Ne5 Nxa4 45. d7 1-0